Cálculo (Registro nro. 3248)

Detalles MARC
000 -LEADER
fixed length control field 01268 a2200277 4500
001 - CONTROL NUMBER
control field 40541
005 - DATE AND TIME OF LATEST TRANSACTION
control field 20260407155700.0
008 - FIXED-LENGTH DATA ELEMENTS--GENERAL INFORMATION
fixed length control field 260407a2007 arg spa d
003 - CONTROL NUMBER IDENTIFIER
control field AR-UNSa-BCEJYS
040 ## - CATALOGING SOURCE
Original cataloging agency AR-UNSa-BCEJYS
Language of cataloging spa
Transcribing agency AR-UNSa-BCEJYS
080 ## - UNIVERSAL DECIMAL CLASSIFICATION NUMBER
Universal Decimal Classification number 517.3
Common auxiliary subdivision Cálculo integral. Integración
020 ## - INTERNATIONAL STANDARD BOOK NUMBER
International Standard Book Number 978-970-26-0919-3
041 ## - LANGUAGE CODE
Language code of text/sound track or separate title spa
100 1# - MAIN ENTRY--PERSONAL NAME
Personal name Purcell, Edwin J.
245 10 - TITLE STATEMENT
Title Cálculo
250 ## - EDITION STATEMENT
Edition statement 9a. ed.
264 #1 - PRODUCTION, PUBLICATION, DISTRIBUTION, MANUFACTURE, AND COPYRIGHT NOTICE
Place of production, publication, distribution, manufacture México :
Name of producer, publisher, distributor, manufacturer Pearson Educación
Date of production, publication, distribution, manufacture, or copyright notice 2007
300 ## - PHYSICAL DESCRIPTION
Extent xv, 774 p.
Dimensions 27 cm.
505 ## - FORMATTED CONTENTS NOTE
Formatted contents note o. Preliminares - 1. Límites - 2. La derivada - 3. Aplicaciones a la derivada - 4. La integral definida - 5. Aplicaciones de la integral - 6. Funciones trascendentales - 7. Técnicas de integración - 8. Formas indeterminadas e integrales impropias - 9. Series infinitas - 10. Cónicas y coordenadas polares - 11. Geometría en el espacio y vectores - 12. Derivadas para funciones de dos o más varibles - 13. Integrales múltiples - 14. Cálculo vectorial
590 ## - LOCAL NOTE (RLIN)
Local note niveau_biblio:m niveau_hierar:0
700 1# - ADDED ENTRY--PERSONAL NAME
Personal name Varberg, Dale
700 1# - ADDED ENTRY--PERSONAL NAME
Personal name Ibarra Mercado, Víctor Hugo
700 1# - ADDED ENTRY--PERSONAL NAME
Personal name Rigdon, Steven E.
856 41 - ELECTRONIC LOCATION AND ACCESS
Uniform Resource Identifier <a href="https://biblioeco.unsa.edu.ar/pmb/images/libros/L126089.jpg">https://biblioeco.unsa.edu.ar/pmb/images/libros/L126089.jpg</a>
Link text Imagen de portada
Electronic format type image/jpeg
942 ## - ADDED ENTRY ELEMENTS (KOHA)
Koha item type
Existencias
Withdrawn status Lost status Damaged status Not for loan Home library Current library Shelving location Date acquired Total checkouts Full call number Barcode Date last seen Price effective from Koha item type
        Biblioteca Prof. Eusebio Cleto del Rey Biblioteca Prof. Eusebio Cleto del Rey   07/04/2026   517.3 P985 9ed. L126098 07/04/2026 07/04/2026 Libro